History Quiz

Random History or Asia Quiz

Asian Countries by History Quiz Stats

Quiz Updated Apr 18, 2013

Challenge
Share
Tweet
Embed
Score 0/25 Timer 06:00
4 Plays Today
% Correct
In 2012, this country's leadership changed hands for only the second time in its history, when Kim Jong-Un succeeded his father as Supreme LeaderNorth Korea
99.2%
In 2001, this country was invaded by US-led armed forces with aims of unseating the ruling Taliban regimeAfghanistan
96.3%
Genghis Khan was born in this modern day countryMongolia
93.8%
In 1912, this country became a republic when Emperor Puyi abdicated, bringing an end to the Qing dynastyChina
92.2%
In 1917, the February Revolution, which occurred in this modern day country, led to the abdication of Nicholas II and the collapse of the Imperial GovernmentRussia
90.6%
In 1938, the discovery of oil in its eastern Al-Hasa region was instrumental in transforming this country from one of the world's poorest nations to one of the richestSaudi Arabia
89.4%
In 1990, this country was invaded by Iraq, under the command of Saddam Hussein, leading to the Gulf WarKuwait
87.8%
In 1954, the expulsion of French forces left this country divided in two, sparking a prolonged civil war, until it was unified under a communist government in 1975Vietnam
87.2%
On May 25th 1953, Edmund Hillary and Tenzing Norgay set a historic first in this landlocked Asian countryNepal
82.8%
In 1979, the signing of a peace treaty with Egypt culminated in the withdrawal of this country's armed forces and civilians from the Sinai peninsulaIsrael
82.2%
The Khmer Rouge regime, led by Pol Pot, was responsible for 1-3 million deaths in this country, resulting in a 20% decrease in its populationCambodia
75.9%
In 1986, the regime of Ferdinand Marcos, who had ruled since 1965, was toppled in this country with the election of Corazon Aquino, Asia's first female presidentPhilippines
74.8%
The ancient city of Petra, which is believed to date back to the 3rd/4th century BC, is located in this countryJordan
70.1%
% Correct
In 1965, this small island country withdrew from the Federation of Malaysia becoming a republicSingapore
67.6%
In 2008, tensions over the breakaway regions of Abkhazia and South Ossetia resulted in armed conflict between neighboring Russia and this countryGeorgia
67.1%
In 1979, a revolution ousted the ruling Pahlavi dynasty establishing this country as an Islamic republicIran
66.7%
Longstanding conflict in this country is the result of tension between the Sinhalese and Tamil ethnic groupsSri Lanka
64.6%
From 1989 to 2010, democracy activist Aung San Suu Kyi was held under house arrest in this countryMyanmar
63.9%
From 1998 to 2004, this country's capital city was home to tallest buildings in the world, the Petronas Towers, before being surpassed by Taipei 101 in TaiwanMalaysia
63.7%
In 2002, this country became the first new sovereign nation of the 21st century when it achieved independence from Indonesia after decades of struggleTimor-Leste
63.3%
Since 2006, politics in this country has been dominated by the conflict between the Fatah and Hamas political group, sometimes referred to as a civil warPalestine
58.7%
In 1997, the capital city of this large central Asian country was moved from Almaty to its current locationKazakhstan
58.6%
Control of the small self-governed enclave of Nagorno-Karabakh is a longstanding source of tension between this country and its western neighbor, ArmeniaAzerbaijan
56.6%
In 2005, this small landlocked country became the first in the world to ban smoking in all public placesBhutan
52.1%
In 1968, this island country and former British colony appointed Ibrahim Nasir as its first presidentMaldives
41.2%

You're not logged in!

Compare scores with friends on all Sporcle quizzes.
Sign Up with Email
OR
Log In

You Might Also Like...

Show Comments

Extras

Top Quizzes Today


Score Distribution

Your Account Isn't Verified!

In order to create a playlist on Sporcle, you need to verify the email address you used during registration. Go to your Sporcle Settings to finish the process.